|
|
|
|
| LEADER |
00810cam a2200277 7i4500 |
| 001 |
0000039001 |
| 005 |
20240806090000.0 |
| 005 |
##20151104150200.0 |
| 003 |
##MY-KlINT |
| 020 |
# |
# |
|a 9789673691418
|
| 039 |
# |
9 |
|y 201511041502
|z VLOAD
|
| 040 |
# |
# |
|a SRWK
|
| 090 |
0 |
0 |
|a 302.3
|b BRO
|
| 100 |
1 |
# |
|a Brown,David
|e author.
|
| 245 |
0 |
0 |
|a Teknik terhebat menang-menang /
|c David Brown[penterjemah:Umi Kalsom Mohd Azuddin].
|
| 260 |
# |
# |
|a Batu Caves, Selangor:
|b PTS Profesional Pub,
|c c2010.
|
| 300 |
# |
# |
|a viii,119p;
|c 23cm.
|
| 650 |
# |
0 |
|a Negotiation
|
| 650 |
# |
0 |
|a Persuasion
|
| 650 |
# |
0 |
|a Communication
|
| 700 |
0 |
# |
|a Umi Kalsom Mohd Azuddin
|
| 996 |
# |
# |
|a INTSarawak2012.out
|
| 997 |
# |
# |
|a 0000003574
|
| 997 |
# |
# |
|a SRWK BK
|
| 998 |
# |
# |
|a 0000001990 7000003574
|
| 999 |
|
|
|a 7000003574
|b BOOK
|c Main Non-Fiction
|e INTAN Sarawak
|